<?xml version="1.0" encoding="UTF-8"?>
<record
    xmlns:xsi="http://www.w3.org/2001/XMLSchema-instance"
    xsi:schemaLocation="http://www.loc.gov/MARC21/slim http://www.loc.gov/standards/marcxml/schema/MARC21slim.xsd"
    xmlns="http://www.loc.gov/MARC21/slim">

  <leader>05606namaa22004331i 4500</leader>
  <controlfield tag="003">EG-GICUC</controlfield>
  <controlfield tag="005">20260502122138.0</controlfield>
  <controlfield tag="008">260502s2025    ua a|||frm||| 000 0 eng d</controlfield>
  <datafield tag="040" ind1=" " ind2=" ">
    <subfield code="a">EG-GICUC</subfield>
    <subfield code="b">eng</subfield>
    <subfield code="c">EG-GICUC</subfield>
    <subfield code="d">EG-GICUC</subfield>
    <subfield code="e">rda</subfield>
  </datafield>
  <datafield tag="041" ind1="0" ind2=" ">
    <subfield code="a">eng</subfield>
    <subfield code="b">eng</subfield>
    <subfield code="b">ara</subfield>
  </datafield>
  <datafield tag="049" ind1=" " ind2=" ">
    <subfield code="a">Deposit</subfield>
  </datafield>
  <datafield tag="082" ind1="0" ind2="4">
    <subfield code="a">615.82</subfield>
  </datafield>
  <datafield tag="092" ind1=" " ind2=" ">
    <subfield code="a">615.82</subfield>
    <subfield code="2">21</subfield>
  </datafield>
  <datafield tag="097" ind1=" " ind2=" ">
    <subfield code="a">M.Sc</subfield>
  </datafield>
  <datafield tag="099" ind1=" " ind2=" ">
    <subfield code="a">Cai01.21.09.M.Sc.2025.Sh.A</subfield>
  </datafield>
  <datafield tag="100" ind1="0" ind2=" ">
    <subfield code="a">Shady Sameh Zekry Abd Elmalak,</subfield>
    <subfield code="e">preparation.</subfield>
  </datafield>
  <datafield tag="245" ind1="1" ind2="4">
    <subfield code="a">The association between abdominal obesity, gluteal muscles strength and endurance in young and middle-aged adults /</subfield>
    <subfield code="c">by Shady Sameh Zekry Abd Elmalak ; Supervisors Prof. Dr. Omaima Mohamed Ali Kattabei, Prof. Dr. Eman Ahmed AbdElmoez.</subfield>
  </datafield>
  <datafield tag="246" ind1="1" ind2="5">
    <subfield code="a">&#x627;&#x644;&#x639;&#x644;&#x627;&#x642;&#x629; &#x628;&#x64A;&#x646;  &#x633;&#x645;&#x646;&#x629; &#x627;&#x644;&#x628;&#x637;&#x646;&#x60C; &#x648;&#x642;&#x648;&#x651;&#x629; &#x648;&#x62A;&#x62D;&#x645;&#x644; &#x639;&#x636;&#x644;&#x627;&#x62A; &#x627;&#x644;&#x623;&#x644;&#x648;&#x64A;&#x629;  &#x644;&#x62F;&#x649; &#x635;&#x63A;&#x627;&#x631; &#x648;&#x645;&#x62A;&#x648;&#x633;&#x637;&#x64A; &#x627;&#x644;&#x633;&#x646; &#x645;&#x646; &#x627;&#x644;&#x628;&#x627;&#x644;&#x63A;&#x64A;&#x646;</subfield>
  </datafield>
  <datafield tag="264" ind1=" " ind2="0">
    <subfield code="c">2025.</subfield>
  </datafield>
  <datafield tag="300" ind1=" " ind2=" ">
    <subfield code="a">95 pages :</subfield>
    <subfield code="b">illustrations ;</subfield>
    <subfield code="c">25 cm. + </subfield>
    <subfield code="e">CD.</subfield>
  </datafield>
  <datafield tag="336" ind1=" " ind2=" ">
    <subfield code="a">text</subfield>
    <subfield code="2">rda content</subfield>
  </datafield>
  <datafield tag="337" ind1=" " ind2=" ">
    <subfield code="a">Unmediated</subfield>
    <subfield code="2">rdamedia</subfield>
  </datafield>
  <datafield tag="338" ind1=" " ind2=" ">
    <subfield code="a">volume</subfield>
    <subfield code="2">rdacarrier</subfield>
  </datafield>
  <datafield tag="502" ind1=" " ind2=" ">
    <subfield code="a">Thesis (M.Sc)-Cairo University, 2025.</subfield>
  </datafield>
  <datafield tag="504" ind1=" " ind2=" ">
    <subfield code="a">Bibliography: pages 83-93.</subfield>
  </datafield>
  <datafield tag="520" ind1=" " ind2="3">
    <subfield code="a">Background: This study aimed to investigate the relationship between abdominal obesity&#x2014;quantified by waist circumference and waist-to-hip ratio &#x2014;and the strength and endurance of the gluteal musculature in young and middle-aged adults.
Methods: A cross-sectional design was employed, involving 78 asymptomatic participants aged 18 to 45 years, who were stratified into abdominally obese and non-abdominally obese groups based on waist-to-hip ratio criteria. Muscle strength was assessed using a Lafayette handheld dynamometer, and endurance was measured via standardized protocols (Gluteal Endurance Measure &#x2013; Abduction) and (gluteal endurance muscle -Bridging). Anthropometric variables were recorded using validated tools, including the mechanical column scale and flexible tape for waist and hip measurements.
Results: The results demonstrated weak, statistically significant positive correlations between Waist circumference and waist-to-hip ratio with gluteus maximus strength in both groups. Gluteus Medius strength and endurance revealed fewer significant associations. Body mass index showed weak and inconsistent correlations with muscle performance.
Conclusion: Abdominal adiposity measures provide superior insight into muscle performance outcomes compared to Body mass index alone. Evaluating central fat distribution is crucial for designing targeted musculoskeletal intervention strategies.</subfield>
  </datafield>
  <datafield tag="520" ind1=" " ind2="3">
    <subfield code="a">&#x627;&#x644;&#x62E;&#x644;&#x641;&#x64A;&#x629;: &#x647;&#x62F;&#x641;&#x62A; &#x647;&#x630;&#x647; &#x627;&#x644;&#x62F;&#x631;&#x627;&#x633;&#x629; &#x625;&#x644;&#x649; &#x62A;&#x62D;&#x644;&#x64A;&#x644; &#x627;&#x644;&#x639;&#x644;&#x627;&#x642;&#x629; &#x628;&#x64A;&#x646; &#x627;&#x644;&#x633;&#x645;&#x646;&#x629; &#x627;&#x644;&#x628;&#x637;&#x646;&#x64A;&#x629; &#x2013; &#x648;&#x627;&#x644;&#x62A;&#x64A; &#x62A;&#x645; &#x642;&#x64A;&#x627;&#x633;&#x647;&#x627; &#x645;&#x646; &#x62E;&#x644;&#x627;&#x644; &#x645;&#x62D;&#x64A;&#x637; &#x627;&#x644;&#x62E;&#x635;&#x631;&#x60C; &#x648;&#x646;&#x633;&#x628;&#x629; &#x627;&#x644;&#x62E;&#x635;&#x631; &#x625;&#x644;&#x649; &#x627;&#x644;&#x648;&#x631;&#x643;&#x60C; &#x648;&#x645;&#x624;&#x634;&#x631; &#x643;&#x62A;&#x644;&#x629; &#x627;&#x644;&#x62C;&#x633;&#x645; &#x2013; &#x648;&#x628;&#x64A;&#x646; &#x642;&#x648;&#x629; &#x648;&#x62A;&#x62D;&#x645;&#x644; &#x639;&#x636;&#x644;&#x627;&#x62A; &#x627;&#x644;&#x623;&#x631;&#x62F;&#x627;&#x641; &#x644;&#x62F;&#x649; &#x627;&#x644;&#x628;&#x627;&#x644;&#x63A;&#x64A;&#x646; &#x645;&#x646; &#x627;&#x644;&#x634;&#x628;&#x627;&#x628; &#x648;&#x645;&#x62A;&#x648;&#x633;&#x637;&#x64A; &#x627;&#x644;&#x639;&#x645;&#x631;.
&#x627;&#x644;&#x645;&#x646;&#x647;&#x62C;&#x64A;&#x629;: &#x62A;&#x645; &#x627;&#x639;&#x62A;&#x645;&#x627;&#x62F; &#x62A;&#x635;&#x645;&#x64A;&#x645; &#x645;&#x642;&#x637;&#x639;&#x64A; &#x634;&#x645;&#x644; &#x62B;&#x645;&#x627;&#x646;&#x64A;&#x629; &#x648;&#x633;&#x628;&#x639;&#x64A;&#x646; &#x645;&#x634;&#x627;&#x631;&#x643;&#x64B;&#x627; &#x644;&#x627; &#x64A;&#x639;&#x627;&#x646;&#x648;&#x646; &#x645;&#x646; &#x623;&#x639;&#x631;&#x627;&#x636; &#x645;&#x631;&#x636;&#x64A;&#x629;&#x60C; &#x62A;&#x62A;&#x631;&#x627;&#x648;&#x62D; &#x623;&#x639;&#x645;&#x627;&#x631;&#x647;&#x645; &#x628;&#x64A;&#x646; 18 &#x648;45 &#x639;&#x627;&#x645;&#x64B;&#x627;&#x60C; &#x648;&#x62A;&#x645; &#x62A;&#x642;&#x633;&#x64A;&#x645;&#x647;&#x645; &#x625;&#x644;&#x649; &#x645;&#x62C;&#x645;&#x648;&#x639;&#x62A;&#x64A;&#x646; &#x62D;&#x633;&#x628; &#x648;&#x62C;&#x648;&#x62F; &#x627;&#x644;&#x633;&#x645;&#x646;&#x629; &#x627;&#x644;&#x628;&#x637;&#x646;&#x64A;&#x629; &#x627;&#x633;&#x62A;&#x646;&#x627;&#x62F;&#x64B;&#x627; &#x625;&#x644;&#x649; &#x645;&#x639;&#x64A;&#x627;&#x631; &#x646;&#x633;&#x628;&#x629; &#x627;&#x644;&#x62E;&#x635;&#x631; &#x625;&#x644;&#x649; &#x627;&#x644;&#x648;&#x631;&#x643;. &#x62A;&#x645; &#x642;&#x64A;&#x627;&#x633; &#x627;&#x644;&#x642;&#x648;&#x629; &#x627;&#x644;&#x639;&#x636;&#x644;&#x64A;&#x629; &#x628;&#x627;&#x633;&#x62A;&#x62E;&#x62F;&#x627;&#x645; &#x62C;&#x647;&#x627;&#x632; "&#x644;&#x627;&#x641;&#x627;&#x64A;&#x64A;&#x62A;" &#x627;&#x644;&#x645;&#x62D;&#x645;&#x648;&#x644; &#x644;&#x642;&#x64A;&#x627;&#x633; &#x627;&#x644;&#x62F;&#x64A;&#x646;&#x627;&#x645;&#x64A;&#x643;&#x627; &#x627;&#x644;&#x639;&#x636;&#x644;&#x64A;&#x629;&#x60C; &#x648;&#x62C;&#x631;&#x649; &#x62A;&#x642;&#x64A;&#x64A;&#x645; &#x627;&#x644;&#x62A;&#x62D;&#x645;&#x644; &#x645;&#x646; &#x62E;&#x644;&#x627;&#x644; &#x628;&#x631;&#x648;&#x62A;&#x648;&#x643;&#x648;&#x644;&#x627;&#x62A; &#x642;&#x64A;&#x627;&#x633;&#x64A;&#x629;. &#x643;&#x645;&#x627; &#x62A;&#x645; &#x62A;&#x633;&#x62C;&#x64A;&#x644; &#x627;&#x644;&#x642;&#x64A;&#x627;&#x633;&#x627;&#x62A; (GEM-A &#x648; GEM-B) &#x627;&#x644;&#x623;&#x646;&#x62B;&#x631;&#x648;&#x628;&#x648;&#x645;&#x62A;&#x631;&#x64A;&#x629; &#x628;&#x627;&#x633;&#x62A;&#x62E;&#x62F;&#x627;&#x645; &#x623;&#x62F;&#x648;&#x627;&#x62A; &#x645;&#x648;&#x62B;&#x648;&#x642;&#x629; &#x645;&#x62B;&#x644; &#x627;&#x644;&#x645;&#x64A;&#x632;&#x627;&#x646; &#x627;&#x644;&#x639;&#x645;&#x648;&#x62F;&#x64A; &#x627;&#x644;&#x645;&#x64A;&#x643;&#x627;&#x646;&#x64A;&#x643;&#x64A; &#x648;&#x634;&#x631;&#x64A;&#x637; &#x642;&#x64A;&#x627;&#x633; &#x645;&#x631;&#x646; &#x644;&#x645;&#x62D;&#x64A;&#x637; &#x627;&#x644;&#x62E;&#x635;&#x631; &#x648;&#x627;&#x644;&#x648;&#x631;&#x643;.
&#x627;&#x644;&#x646;&#x62A;&#x627;&#x626;&#x62C;: &#x643;&#x634;&#x641;&#x62A; &#x627;&#x644;&#x646;&#x62A;&#x627;&#x626;&#x62C; &#x639;&#x646; &#x648;&#x62C;&#x648;&#x62F; &#x627;&#x631;&#x62A;&#x628;&#x627;&#x637;&#x627;&#x62A; &#x625;&#x64A;&#x62C;&#x627;&#x628;&#x64A;&#x629; &#x645;&#x639;&#x62A;&#x62F;&#x644;&#x629; &#x630;&#x627;&#x62A; &#x62F;&#x644;&#x627;&#x644;&#x629; &#x625;&#x62D;&#x635;&#x627;&#x626;&#x64A;&#x629; &#x628;&#x64A;&#x646; &#x645;&#x62D;&#x64A;&#x637; &#x627;&#x644;&#x62E;&#x635;&#x631; &#x648;&#x646;&#x633;&#x628;&#x629; &#x627;&#x644;&#x62E;&#x635;&#x631; &#x625;&#x644;&#x649; &#x627;&#x644;&#x648;&#x631;&#x643; &#x645;&#x639; &#x642;&#x648;&#x629; &#x627;&#x644;&#x639;&#x636;&#x644;&#x629; &#x627;&#x644;&#x623;&#x644;&#x648;&#x64A;&#x629; &#x627;&#x644;&#x643;&#x628;&#x631;&#x649; &#x641;&#x64A; &#x643;&#x644;&#x627; &#x627;&#x644;&#x645;&#x62C;&#x645;&#x648;&#x639;&#x62A;&#x64A;&#x646;. &#x623;&#x645;&#x627; &#x642;&#x648;&#x629; &#x648;&#x62A;&#x62D;&#x645;&#x644; &#x627;&#x644;&#x639;&#x636;&#x644;&#x629; &#x627;&#x644;&#x623;&#x644;&#x648;&#x64A;&#x629; &#x627;&#x644;&#x648;&#x633;&#x637;&#x649;&#x60C; &#x641;&#x642;&#x62F; &#x623;&#x638;&#x647;&#x631;&#x62A; &#x627;&#x631;&#x62A;&#x628;&#x627;&#x637;&#x627;&#x62A; &#x623;&#x642;&#x644; &#x623;&#x647;&#x645;&#x64A;&#x629;. &#x643;&#x645;&#x627; &#x623;&#x646; &#x645;&#x624;&#x634;&#x631; &#x643;&#x62A;&#x644;&#x629; &#x627;&#x644;&#x62C;&#x633;&#x645; &#x627;&#x631;&#x62A;&#x628;&#x637; &#x628;&#x634;&#x643;&#x644; &#x636;&#x639;&#x64A;&#x641; &#x648;&#x63A;&#x64A;&#x631; &#x645;&#x646;&#x62A;&#x638;&#x645; &#x628;&#x623;&#x62F;&#x627;&#x621; &#x627;&#x644;&#x639;&#x636;&#x644;&#x627;&#x62A;. &#x627;&#x644;&#x627;&#x633;&#x62A;&#x646;&#x62A;&#x627;&#x62C;: &#x62A;&#x64F;&#x639;&#x62F; &#x645;&#x642;&#x627;&#x64A;&#x64A;&#x633; &#x62A;&#x648;&#x632;&#x64A;&#x639; &#x627;&#x644;&#x62F;&#x647;&#x648;&#x646; &#x627;&#x644;&#x625;&#x642;&#x644;&#x64A;&#x645;&#x64A; &#x645;&#x62B;&#x644; &#x645;&#x62D;&#x64A;&#x637; &#x627;&#x644;&#x62E;&#x635;&#x631; &#x648;&#x646;&#x633;&#x628;&#x629; &#x627;&#x644;&#x62E;&#x635;&#x631; &#x625;&#x644;&#x649; &#x627;&#x644;&#x648;&#x631;&#x643; &#x623;&#x643;&#x62B;&#x631; &#x62F;&#x642;&#x629; &#x641;&#x64A; &#x627;&#x644;&#x62A;&#x646;&#x628;&#x624; &#x628;&#x623;&#x62F;&#x627;&#x621; &#x627;&#x644;&#x639;&#x636;&#x644;&#x627;&#x62A; &#x645;&#x642;&#x627;&#x631;&#x646;&#x629;&#x64B; &#x628;&#x645;&#x624;&#x634;&#x631; &#x643;&#x62A;&#x644;&#x629; &#x627;&#x644;&#x62C;&#x633;&#x645; &#x641;&#x642;&#x637;. &#x625;&#x646; &#x62A;&#x642;&#x64A;&#x64A;&#x645; &#x62A;&#x648;&#x632;&#x64A;&#x639; &#x627;&#x644;&#x62F;&#x647;&#x648;&#x646; &#x627;&#x644;&#x645;&#x631;&#x643;&#x632;&#x64A;&#x629; &#x64A;&#x639;&#x62A;&#x628;&#x631; &#x623;&#x645;&#x631;&#x64B;&#x627; &#x628;&#x627;&#x644;&#x63A;
&#x627;&#x644;&#x623;&#x647;&#x645;&#x64A;&#x629; &#x639;&#x646;&#x62F; &#x62A;&#x635;&#x645;&#x64A;&#x645; &#x627;&#x633;&#x62A;&#x631;&#x627;&#x62A;&#x64A;&#x62C;&#x64A;&#x627;&#x62A; &#x62A;&#x62F;&#x62E;&#x644; &#x639;&#x644;&#x627;&#x62C;&#x64A;&#x629; &#x639;&#x636;&#x644;&#x64A;&#x629; &#x647;&#x64A;&#x643;&#x644;&#x64A;&#x629; &#x645;&#x633;&#x62A;&#x647;&#x62F;&#x641;&#x629;.</subfield>
  </datafield>
  <datafield tag="530" ind1=" " ind2=" ">
    <subfield code="a">Issues also as CD.</subfield>
  </datafield>
  <datafield tag="546" ind1=" " ind2=" ">
    <subfield code="a">Text in English and abstract in Arabic &amp; English.</subfield>
  </datafield>
  <datafield tag="650" ind1=" " ind2="0">
    <subfield code="a">Physical Therapy </subfield>
  </datafield>
  <datafield tag="650" ind1=" " ind2="0">
    <subfield code="a">&#x627;&#x644;&#x639;&#x644;&#x627;&#x62C; &#x627;&#x644;&#x637;&#x628;&#x64A;&#x639;&#x64A;</subfield>
  </datafield>
  <datafield tag="653" ind1=" " ind2="1">
    <subfield code="a">abdominal obesity, , ,  , ,</subfield>
    <subfield code="a">waist-to-hip ratio</subfield>
    <subfield code="a">waist circumference</subfield>
    <subfield code="a">gluteus maximus</subfield>
    <subfield code="a">gluteus medius</subfield>
    <subfield code="a">muscle strength</subfield>
    <subfield code="a">muscle endurance</subfield>
    <subfield code="a">&#x627;&#x644;&#x633;&#x645;&#x646;&#x629; &#x627;&#x644;&#x628;&#x637;&#x646;&#x64A;&#x629;</subfield>
    <subfield code="a">&#x646;&#x633;&#x628;&#x629; &#x627;&#x644;&#x62E;&#x635;&#x631; &#x625;&#x644;&#x649; &#x627;&#x644;&#x648;&#x631;&#x643;</subfield>
  </datafield>
  <datafield tag="700" ind1="0" ind2=" ">
    <subfield code="a">Omaima Mohamed Ali Kattabei</subfield>
    <subfield code="e">thesis advisor.</subfield>
  </datafield>
  <datafield tag="700" ind1="0" ind2=" ">
    <subfield code="a">Eman Ahmed AbdElmoez</subfield>
    <subfield code="e">thesis advisor.</subfield>
  </datafield>
  <datafield tag="900" ind1=" " ind2=" ">
    <subfield code="b">01-01-2025</subfield>
    <subfield code="c">Omaima Mohamed Ali Kattabei</subfield>
    <subfield code="c">Eman Ahmed AbdElmoez</subfield>
    <subfield code="U">Cairo University</subfield>
    <subfield code="F">Faculty of Physical Therapy </subfield>
    <subfield code="D">Department of Basic Sciences</subfield>
  </datafield>
  <datafield tag="905" ind1=" " ind2=" ">
    <subfield code="a">Shimaa</subfield>
  </datafield>
  <datafield tag="942" ind1=" " ind2=" ">
    <subfield code="2">ddc</subfield>
    <subfield code="c">TH</subfield>
    <subfield code="e">21</subfield>
    <subfield code="n">0</subfield>
  </datafield>
  <datafield tag="999" ind1=" " ind2=" ">
    <subfield code="c">179891</subfield>
  </datafield>
  <datafield tag="952" ind1=" " ind2=" ">
    <subfield code="2">ddc</subfield>
    <subfield code="9">317511</subfield>
    <subfield code="a">CUCL</subfield>
    <subfield code="b">cl210</subfield>
    <subfield code="d">2026-05-02</subfield>
    <subfield code="i">93941</subfield>
    <subfield code="o">Cai01.21.09.M.Sc.2025.Sh.A</subfield>
    <subfield code="p">01010110093941000</subfield>
    <subfield code="r">2026-05-02 11:22:00</subfield>
    <subfield code="w">2026-05-02</subfield>
    <subfield code="y">TH</subfield>
  </datafield>
</record>
